Assassins: A Radical Sect in Islam (Record no. 223624)

MARC details
000 -LEADER
fixed length control field 00612nam a22002177a 4500
005 - DATE AND TIME OF LATEST TRANSACTION
control field 20220707112046.0
008 - FIXED-LENGTH DATA ELEMENTS--GENERAL INFORMATION
fixed length control field 220707b ||||| |||| 00| 0 eng d
020 ## - INTERNATIONAL STANDARD BOOK NUMBER
International Standard Book Number 184212451X
040 ## - CATALOGING SOURCE
Transcribing agency AL
041 ## - LANGUAGE CODE
Language code of text/sound track or separate title English
082 ## - DEWEY DECIMAL CLASSIFICATION NUMBER
Edition number 23
Classification number 297.8
Item number LEWA
100 ## - MAIN ENTRY--PERSONAL NAME
Personal name Bernard Lewis
100 ## - MAIN ENTRY--PERSONAL NAME
9 (RLIN) 47445
245 ## - TITLE STATEMENT
Title Assassins: A Radical Sect in Islam
260 ## - PUBLICATION, DISTRIBUTION, ETC.
Place of publication, distribution, etc. London
Name of publisher, distributor, etc. Phoenix
Date of publication, distribution, etc. 2004
300 ## - PHYSICAL DESCRIPTION
Extent x,166 p.
Other physical details PB
Dimensions 20x13 cm.
650 ## - SUBJECT ADDED ENTRY--TOPICAL TERM
Topical term or geographic name entry element Assassins (Ismailites)
9 (RLIN) 47446
650 ## - SUBJECT ADDED ENTRY--TOPICAL TERM
Topical term or geographic name entry element Islamic sects
9 (RLIN) 47447
650 ## - SUBJECT ADDED ENTRY--TOPICAL TERM
Topical term or geographic name entry element Terrorism--Religious aspects--Islam
9 (RLIN) 47448
700 ## - ADDED ENTRY--PERSONAL NAME
Personal name LEWIS (Bernard)
9 (RLIN) 47449
942 ## - ADDED ENTRY ELEMENTS (KOHA)
Source of classification or shelving scheme Dewey Decimal Classification
Koha item type George Fernandes Collections
Holdings
Withdrawn status Lost status Source of classification or shelving scheme Damaged status Not for loan Collection code Home library Current library Date acquired Total Checkouts Full call number Barcode Date last seen Price effective from Koha item type
    Dewey Decimal Classification     Others St Aloysius Library St Aloysius Library 03/23/2013   297.8 LEWA GF01569 07/07/2022 07/07/2022 George Fernandes Collections